UBT Library

Profitable menu planning / (Record no. 43815)

000 -LEADER
fixed length control field 00620cam a2200217 a 4500
001 - CONTROL NUMBER
control field 12462462
005 - DATE AND TIME OF LATEST TRANSACTION
control field 20180301065358.0
008 - FIXED-LENGTH DATA ELEMENTS--GENERAL INFORMATION
fixed length control field 010706s2002 njua 001 0 eng
010 ## - LIBRARY OF CONGRESS CONTROL NUMBER
LC control number 2001036556
020 ## - INTERNATIONAL STANDARD BOOK NUMBER
International Standard Book Number 0130891649
040 ## - CATALOGING SOURCE
Original cataloging agency DLC
Transcribing agency DLC
Modifying agency DLC
041 ## - LANGUAGE CODE
Language code of text/sound track or separate title eng
080 ## - UNIVERSAL DECIMAL CLASSIFICATION NUMBER
Universal Decimal Classification number 642.5 JOH
082 00 - DEWEY DECIMAL CLASSIFICATION NUMBER
Classification number 642.5 JOH
Edition number 21
100 1# - Rafti
Rafti 9
101 ## - Shkurtesa
Shkurtesa MJE
245 10 - TITLE STATEMENT
Title Profitable menu planning /
Statement of responsibility, etc John A. Drysdale, Jennifer Adams Aldrich.
906 ## - LOCAL DATA ELEMENT F, LDF (RLIN)
a 7
b cbc
c orignew
d 1
e ocip
f 20
g y-gencatlg
942 ## - ADDED ENTRY ELEMENTS (KOHA)
Source of classification or shelving scheme
Item type Books
Holdings
Withdrawn status Lost status Source of classification or shelving scheme Damaged status Not for loan Collection code Permanent location Current location Shelving location Date acquired Total Checkouts Full call number Barcode Date last seen Price effective from Koha item type
          Koleksioni i përgjithshem UBT - Lipjan UBT - Lipjan Koleksioni i përgjithshem 03/01/2018   642.5 JOH 002-3000395 03/01/2018 03/01/2018 Books
UBT Library © 2015-2024. All rights reserved University Education for Business and Technology